|
|
|
|
| LEADER |
00821nam a2200205 a 4500 |
| 008 |
090618s1999 ilua b 001 0 eng d |
| 020 |
|
|
|a 003022313X
|
| 082 |
0 |
0 |
|a 658.8
|2 21
|
| 100 |
1 |
|
|a Boone, Louis E
|
| 245 |
1 |
0 |
|a Contemporary marketing 1999 /
|c Louis E. Boone, David L. Kurtz
|
| 260 |
|
|
|a New york :
|b The Dryden Press,
|c c1999
|
| 300 |
|
|
|a xvii, 742 p.(various Pagins) :
|b ill. (some col.);
|c 25 cm
|
| 490 |
1 |
|
|a Dryden Press series in marketing
|
| 504 |
|
|
|a Includes bibliographical references and indexes
|
| 541 |
1 |
|
|e 00011622
|
| 650 |
0 |
|
|a Marketing
|
| 700 |
1 |
|
|a Kurtz, David L
|
| 852 |
4 |
|
|a Ayesha Abed Library
|j General Shelf.
|
| 999 |
|
|
|c 1779
|d 1779
|
| 952 |
|
|
|0 0
|1 0
|2 ddc
|4 0
|6 658_800000000000000_BOO_1999
|7 0
|9 1629
|a BRACUL
|b BRACUL
|c GEN
|d 2009-06-29
|g 1540.00
|l 0
|o 658.8 BOO
|p 3010011622
|r 2019-04-03
|t 1
|w 2009-06-29
|y BK
|